000 00400nam a2200157Ia 4500
008 210716s2003 xx 000 0 und d
020 _a9788184894646
041 _aeng
082 _a519.535 SIMJ
100 _aSimonoff, Jeffrey S.
245 _aAnalyzing categorical data.
250 _a1
260 _aNew Delhi
_bSpringer
_c2003
300 _axv,496
650 _aStatistical Mathematics(519.5)
999 _c190952
_d190952